| 000 | 00909nam a2200301 i 4500 | ||
|---|---|---|---|
| 001 | 000039075 | ||
| 003 | DO-SdBNP | ||
| 005 | 20240516195916.0 | ||
| 007 | ta | ||
| 008 | 130520s2011 sp a 000 0 spa d | ||
| 020 | _a9789972209895 | ||
| 040 |
_aDO-SdBNP _bspa _cBNPHU _erda |
||
| 082 | 4 |
_a641.597293 _bC663d _222 |
|
| 245 | 3 |
_aLa cocina dominicana : _bpaso a paso / _cfotografía, Mario Adams |
|
| 260 | _c2011. | ||
| 264 |
_aBarcelona : _bLexus, _c2011. |
||
| 300 |
_a224 páginas : _bilustraciones ; _c28 cm. |
||
| 336 |
_2 rdacontent _atexto _bn |
||
| 337 |
_2rdamedia _asin mediación _bn |
||
| 338 |
_2rdacarrier _avolumen _bnc |
||
| 590 | _aInventariado, 2023/MFF | ||
| 650 | 4 |
_aCocina dominicana _9192 |
|
| 650 | 4 |
_aPreparación de alimentos _9193 |
|
| 650 | 0 |
_aGastronomía _9362 |
|
| 700 | 1 |
_aAdams, Mario, _efototos _983771 |
|
| 910 | _aValidado. Control de calidad MFF | ||
| 942 |
_2ddc _cLBS1 |
||
| 999 |
_c38565 _d38565 |
||